Szeged terve és költségvetése 1968-ra ülést tartott a városi tanács

Elmentve itt :
Bibliográfiai részletek
Dokumentumtípus: Cikk
Megjelent: 1968-02-03
Sorozat:Délmagyarország 58 No. 28
Kulcsszavak:Biczó György, Városi tanácsülés Szeged 1968, Költségvetés Szeged 1968, városi tanács, városi háztartás
Online Access:http://dmarchiv.bibl.u-szeged.hu/72063
LEADER 00550nab a2200145 i 4500
001 delm72063
005 20180928082404.0
008 180928s1968 hu o 0|| hun d
040 |a SZTE Délmagyarország Archívum  |b hun 
041 |a hun 
245 0 0 |a Szeged terve és költségvetése 1968-ra   |h [elektronikus dokumentum] :  |b ülést tartott a városi tanács 
260 |c 1968-02-03 
300 |a 1 
490 0 |a Délmagyarország  |v 58 No. 28 
695 |a Biczó György, Városi tanácsülés Szeged 1968, Költségvetés Szeged 1968, városi tanács, városi háztartás